00429nam a2200169Ia 4500003000400000005001700004008004100021020001800062040000700080041000800087082001300095100002700108245005700135260003800192300001600230365001300246OSt20230410102609.0210423s2010 xx 000 0 und d a9788184895230 cAL aeng a510 HILP aHILTON (Peter);others. aMathematical vistas: from a room with many windows. aNew DelhibSpringer Pvt Ltdc2010 axiv,335bPB b595cINR